Galiza Portugal : uma só nação /

Saved in:
Bibliographic Details
Other Authors: Rodrigues, António da Cruz.
Format: Book
Language:Portuguese
Published: Lisboa : Nova Arrancada, 1997.
Subjects:
Tags: Add Tag
No Tags, Be the first to tag this record!
LEADER 00989aam a2200301 a 4500
001 007729961-2
005 20020606104010.5
008 980423s1997 po b b 000 0 por
010 |a  98142572  
020 |a 9728369093 
035 0 |a ocm39523759 
040 |a DLC  |c DLC 
043 |a e-sp---  |a e-po--- 
050 0 0 |a DP302.G157  |b G34 1997 
082 0 0 |a 946/.1  |2 21 
245 0 0 |a Galiza Portugal :  |b uma só nação /  |c A. Cruz Rodrigues ... [et al.]. 
260 |a Lisboa :  |b Nova Arrancada,  |c 1997. 
300 |a 190 p. :  |b maps ;  |c 23 cm. 
504 |a Includes bibliographical references. 
650 0 |a Galician philology. 
650 0 |a Nationalism  |z Spain  |z Galicia (Region) 
651 0 |a Galicia (Spain : Region)  |x Civilization  |x Portuguese influences. 
651 0 |a Portugal  |x Civilization. 
651 0 |a Galicia (Spain : Region)  |x Relations  |z Portugal. 
651 0 |a Portugal  |x Relations  |z Spain  |z Galicia (Region) 
700 1 |a Rodrigues, António da Cruz. 
988 |a 20020608 
906 |0 DLC